00382nam a22001337a 450000500170000000800410001704100130005808200130007110000130008424500380009726000570013530000300019265000260022220240610141317.0240610b |||||||| |||| 00| 0 eng d aEnglish  a349 LAW  lEnglish  aThe All England Reports: Reprint  aLondon: bButterworth and Co. Publishers Ltd, c1943 bxxvi, 684 pages; c25 cm. aLegal practice bLaw